000
00230nam a22000857a 4500
008
160914b xxu||||| |||| 00| 0 eng d
100
_9
479
_a
Burns.D.etal
245
_a
English Grammar- 6
260
_a
New Delhi
_b
Cordova Publications
_c
2012
999
_c
3136
_d
3136